000 00776nam a22001817a 4500
999 _c60801
_d60801
005 20231024102532.0
008 231024s2005 ru ||||| |||| 00| 0 rus d
020 _a 5952416942
041 _arus
080 _a902 K-32
100 _aКвеннелл, Марджори
_920202
245 _aПервобытные люди. Быт, религия, культура :
_c Марджори Квеннелл , Чарльз Квеннелл.
264 _aМосква :
_bЦентрполиграф,
_c2005.
300 _a236 стр.:
_bил.;
_c20 см.
653 _aპრიმიტიული ხალხი. ცხოვრება, რელიგია, კულტურა
700 _aКвеннелл, Чарльз
_eავტორი
_920203
942 _2udc
_cBK